00843 2200265 4500001002100000005001700021008004100038035002400079082000800103090001800111100002200129245015000151250001100301260003700312300002400349500005500373650003700428700002500465700001800490700001800508850001500526985000600541999001500547999001500562YOGYA-0209000002837820090227024227.0 ind  0010-020900000028378 a297 a297bAnb KlT aANBATAANI, Muhsin aKenapa kita tidak berdamai saja dengan YahudicMuhsin Anbataani; penerjemah H. Salim Basyarahil; penyunting Iffa Karimah; ilustrator Edo Abdullah aCet. 3 aJakartabGema Insani Pressc1994 a78 hlmbilusc19 cm aJudul asli : Limadza Narfudhus Salaam Ma'al Yahuud aIslam - Bantahan terhadap Yahudi aBasyarahil, H. Salim aKarimah, Iffa aAbdullah, Edo aYOPDYOG(B) a2 a96P0080248 a96P0080249